[Event "Torneo Zonale"]
[Site "Budva YUG"]
[Date "1981.10.??"]
[Round "18"]
[White "Tatai, Stefano"]
[Black "Skembris, Spyridon"]
[Result "1-0"]
[WhiteElo "2485"]
[BlackElo "2415"]
[PlyCount "49"]
[EventDate "1981.10.04"]

1. d4 b5 2. e4 Bb7 3. Nd2 a6 4. Ngf3 e6 5. Bd3 c5 6. dxc5 Bxc5 7. O-O Ne7 8. a4
bxa4 9. Rxa4 O-O 10. Nb3 Bb6 11. e5 Ng6 12. Ng5 f6 13. Nxh7 Nxe5 14. Nxf8 Qxf8
15. Rh4 f5 16. Qh5 Nbc6 17. Be3 Qd8 18. Nc5 Ng6 19. Rh3 Bxc5 20. Qxg6 Bf8 21.
Bg5 Qa5 22. Be2 Be7 23. Bh5 Ne5 24. Qh7+ Kxh7 25. Bf7# 1-0

[Event "Torneo Zonale"]
[Site "Budva YUG"]
[Date "1981.10.??"]
[Round "19"]
[White "Mariotti, Sergio"]
[Black "Rukavina, Josip"]
[Result "1/2-1/2"]
[WhiteElo "2475"]
[BlackElo "2460"]
[PlyCount "21"]
[EventDate "1981.10.04"]

1. e4 d6 2. d4 Nf6 3. Nc3 g6 4. Nf3 Bg7 5. Be2 O-O 6. O-O Bg4 7. Be3 Nc6 8. Qd2
e5 9. dxe5 dxe5 10. Qxd8 Rfxd8 11. Rfd1 1/2-1/2

[Event "Torneo Zonale"]
[Site "Budva YUG"]
[Date "1981.10.??"]
[Round "19"]
[White "Toth, Bela"]
[Black "Afifi, Assem"]
[Result "0-1"]
[WhiteElo "2400"]
[BlackElo "2220"]
[PlyCount "82"]
[EventDate "1981.10.04"]

1. d4 Nf6 2. c4 e6 3. Nc3 Bb4 4. e3 O-O 5. Bd3 b6 6. Nge2 Bb7 7. O-O d5 8. cxd5
exd5 9. a3 Bd6 10. b4 Re8 11. Ng3 Ne4 12. Ngxe4 dxe4 13. Bc4 Qh4 14. g3 Qh3 15.
Re1 Nd7 16. Bf1 Qf5 17. Qc2 Qh5 18. Bg2 Nf6 19. Bb2 a6 20. Qe2 Qf5 21. b5 Qe6
22. Rec1 h5 23. h4 a5 24. a4 Qe7 25. Nb1 Kh8 26. Nd2 Bd5 27. Nc4 Rg8 28. Nxd6
cxd6 29. Qc2 g5 30. hxg5 Rxg5 31. Kf1 Qe6 32. Ba3 Rag8 33. Qc7 Ne8 34. Qc8 Qf6
35. Ke2 Be6 36. Qb7 Rf5 37. Bxe4 Rxf2+ 38. Kd3 Rxg3 39. Re1 d5 40. Bxd5 Bf5+
41. Be4 Qe6 0-1

[Event "Torneo Zonale"]
[Site "Budva YUG"]
[Date "1981.10.??"]
[Round "19"]
[White "Trikaliotis, Georgios"]
[Black "Tatai, Stefano"]
[Result "1/2-1/2"]
[WhiteElo "2345"]
[BlackElo "2485"]
[PlyCount "36"]
[EventDate "1981.10.04"]

1. d4 Nf6 2. Nf3 c5 3. e3 g6 4. Nbd2 Bg7 5. c3 b6 6. Bc4 O-O 7. O-O d5 8. Bd3
Bb7 9. Qe2 Nfd7 10. e4 cxd4 11. cxd4 dxe4 12. Nxe4 Nc6 13. Rd1 Nb4 14. Bc4 Nd5
15. Bg5 N7f6 16. Rac1 Rc8 17. h4 Rc7 18. Ng3 h6 1/2-1/2